| 000 | 00000nam 2200000za 4500 |
| 001 | 9.674492 |
| 003 | CaOODSP |
| 005 | 20210624224755 |
| 007 | cr ||||||||||| |
| 008 | 150407s2002 xxc|||||o f|0| 0 fre d |
| 020 | |a0-662-66227-X |
| 040 | |aCaOODSP|bfre |
| 041 | |aeng |
| 041 | |afre |
| 043 | |an-cn--- |
| 086 | 1 |aS52-2/248-2001-PDF |
| 110 | 1 |aCanada.|bTravaux publics et Services gouvernementaux Canada.|bBureau de la traduction. |
| 245 | 10|aLexique sur les autres formes de prestation de services (AFPS) (Services immobiliers) |h[ressource électronique] / |c[par] Nicole Ouimet in co-operation with Agnès Pelland. |
| 260 | |aOttawa : |bTravaux publics et Services gouvernementaux Canada. |c2002. |
| 300 | |a378 p. |
| 500 | |a«Le lexique compte environ 3 350 entrées...» -- Introd. |
| 504 | |aBibliographie. |
| 590 | |a09-06-Supp|b2009-07-27 |
| 691 | 07|aImmobilier|2gcpds |
| 691 | 07|aTerminologie|2gcpds |
| 700 | 1 |aOuimet, Nicole. |
| 700 | 1 |aPelland, Agnès. |
| 791 | |tAlternate forms of delivery services (AFD) glossary (Real Property Services) |eeng|w(CaOODSP)9.674491 |
| 856 | 40|ahttp://publications.gc.ca|qPDF|s1.25 Mo|uhttps://publications.gc.ca/collections/Collection/S52-2-248-2001.pdf |